000 01082nam a22002417a 4500
005 20170601130130.0
008 170601b mx ||||| |||| 00| 0 spa d
020 _a9789688179239
050 0 4 _aGF91 .M6
_bP76 2010
245 1 0 _aPropuesta para la generación semiautomatizada de unidades de paisajes :
_bfundamentos y métodos
_c/ Ángel Priego, Gerardp Bocco, Manuel Mendoza y Arturo Garrido
250 _a1a ed.
260 _aMéxico :
_bSecretaría de Medio Ambiente y Recursos Naturales (SEMARNAT) : Instituto Nacional de Ecología, INE-SEMARNAT) : Universidad Autonóma de México, Campus Morelia, Centro de Investigaciones Geografía Ambiental,
_c2010.
300 _a104 p. :
_bil. ;
_c23 cm.
504 _aIncluye bibliografía (p.22-28) e índice
650 7 _2LEMB
_aEvaluación del paisaje
_zMéxico
650 7 _2LEMB
_aCartografía
_zMéxico
700 1 _aPriego, Ángel,
_ecoaut.
700 1 _aBocco, Gerardo,
_ecoaut.
700 1 _aMendoza, Manuel,
_ecoaut.
700 1 _aGarrido, Arturo,
710 2 _aMéxico :
_bSEMARNAT.
942 _2lcc
_cLIB
999 _c133699
_d133699